| 000 | 01020pam a2200313 a 4500 | ||
|---|---|---|---|
| 001 | 4033184 | ||
| 003 | OSt | ||
| 005 | 20211227160326.0 | ||
| 008 | 980320s1999 maua b 001 0 eng | ||
| 010 | _a 98018040 | ||
| 020 | _a9780201380361 | ||
| 038 | _akhadija | ||
| 040 |
_aDLC _cDLC _dDLC |
||
| 050 | 0 | 0 |
_aTS155.6 _b.L445 1999 |
| 082 | 0 | 0 |
_a670.285 _221 _bLEE |
| 100 | 1 |
_aLee, Kunwoo. _987040 |
|
| 245 | 1 | 0 |
_aPrinciples of CAD/CAM/CAE systems / _cKunwoo Lee. |
| 246 | 3 | 0 | _aCAD/CAM/SMME systems |
| 260 |
_aReading, Mass. : _bAddison-Wesley, _cc1999. |
||
| 300 |
_axviii, 582 p. : _bill. ; _c24 cm. |
||
| 504 | _aIncludes bibliographical references (p. 537-547) and index. | ||
| 563 | _aHardcover | ||
| 650 | 0 |
_aCAD/CAM systems. _987041 |
|
| 650 | 0 |
_aComputer-aided engineering. _987042 |
|
| 906 |
_a7 _bcbc _corignew _d1 _eocip _f19 _gy-gencatlg |
||
| 942 |
_2ddc _cBK |
||
| 999 |
_c31672 _d31672 |
||